La política social hoy

Gorde:
Xehetasun bibliografikoak
Egile nagusia: Borgianni, Elisabete (Egilea)
Beste egile batzuk: Montaño, Carlos E. (autor)
Formatua: Liburua
Hizkuntza:gaztelania
Argitaratua: Sao Paulo Cortez 2000
Saila:Biblioteca Latinoamericana de Servicio Social
Gaiak:
Etiketak: Etiketa erantsi
Etiketarik gabe, Izan zaitez lehena erregistro honi etiketa jartzen!

MARC

LEADER 00000nam a2200000 a 4500
001 UCN2900
003 CL-VaPUC
008 010615e20000000BL |||||||||||||||||spa|d
082 0 4 |a 361.61  |b BOR  |2 21 
100 0 |a Borgianni, Elisabete  |e author  |9 459161 
700 |a Montaño, Carlos E.  |e autor  |9 459159 
245 1 3 |a La política social hoy 
300 |a 264 p 
942 |c BK 
945 |d 20010615 00:00:00  |a cmena 
260 |a Sao Paulo  |b Cortez  |c 2000 
650 0 |a Servicio social  |9 307999 
650 0 |a Política social  |9 257588 
650 0 |a Trabajadores sociales  |9 308884 
650 0 |a Bienestar social   |9 255298 
583 |a last modification  |c 20010615 00:00:00  |k Rodrigo Vera 
490 0 |a Biblioteca Latinoamericana de Servicio Social 
999 |c 295919  |d 295917 
952 |0 0  |1 0  |4 0  |6 361_610000000000000_BOR_2000  |7 0  |8 A  |9 349361  |a BIBGIM  |b BIBGIM  |d 2019-11-20  |i 3732460  |o 361.61 BOR 2000  |p 3732460  |r 2025-01-15  |w 2019-11-20  |y BK  |k SSL 
952 |0 0  |1 0  |4 0  |6 361_610000000000000_BOR_2000  |7 0  |8 A  |9 349362  |a BIBGIM  |b BIBGIM  |d 2019-11-20  |i 3732479  |o 361.61 BOR 2000  |p 3732479  |r 2025-01-15  |w 2019-11-20  |y BK  |k SSL